|
|
|
|
| LEADER |
00000nab a2200000 ar4500 |
| 001 |
vtls011705819 |
| 003 |
SK-MaSNL |
| 005 |
20260303231613.0 |
| 008 |
170804c20170524xo mr|p|||||||000 b|slo |
| 038 |
|
|
|a SNSK
|
| 040 |
|
|
|b slo
|c SNSK
|e AACR2
|
| 041 |
|
|
|a slo
|
| 044 |
|
|
|a xo
|c SK
|
| 080 |
|
|
|a 902/908
|x (437.671)
|2 2011
|
| 100 |
1 |
|
|a Ľudma, Igor
|4 aut
|9 341675
|
| 245 |
1 |
0 |
|a Našli stopy stratenej dediny,
|b na zvláštny objav upozornil archeológov cyklista
|c Igor Ľudma
|
| 300 |
|
|
|b Fotogr.
|
| 650 |
0 |
7 |
|a archeologické nálezy
|2 snsk
|9 4975
|
| 650 |
0 |
7 |
|a zaniknuté obce
|2 snsk
|9 109021
|
| 650 |
0 |
7 |
|a 13. storočie
|2 snsk
|9 1098172
|
| 650 |
0 |
7 |
|a 15. storočie
|2 snsk
|9 510855
|
| 651 |
|
7 |
|a Šoldov (Štrba, Slovensko)
|2 snsk
|9 55030
|
| 651 |
|
7 |
|a Alcnov (Slovensko)
|2 snsk
|9 1266824
|
| 651 |
|
7 |
|a Poprad (Slovensko : okres)
|2 snsk
|9 28675
|
| 773 |
0 |
|
|t Nový Čas
|g Roč. 27, č. 118 (24.5.2017), s. 14
|x 1335-4655
|
| 852 |
|
|
|a SNSK
|b KIS3GCP
|
| 856 |
4 |
1 |
|u https://www.cas.sk/clanok/551585/cyklista-upozornil-na-zvlastny-objav-pod-tatrami-prinesie-ten-jeden-kusok-obrovsky-zvrat/
|
| 999 |
|
|
|c 2267625
|d 2269555
|